000 00597nam a2200229Ia 4500
003 OSt
005 20220918214431.0
006 a|||||r|||| 00| 0
007 ta
008 220917b |||||||| |||| 00| 0 eng d
024 _a137,514
037 _cTextual
040 _aARTS
_cARTS
_beng
041 _2eng
_aeng
082 _aXM25.1-3.N5, J3 (906)
100 _aNicholson Marjorie
_9131358
245 0 _aCooperation in the colonies
260 _c1953
650 _aECONOMICS
942 _hXM25.1-3.N5, J3 (906)
_cTEXL
_2CC
999 _c260594
_d260594